000 00585nam a22002177a 4500
003 UA-OsUOA
001 40308
007 ta
008 20080608b un ||||| |||| 00| 0 ukr d
090 _a82(477)
_bР88
942 _cBK
040 _aUA-OsUOA
_bukr
_cUA-OsUOA
_dUA-OsUOA
245 _aРусалка Дністрова
_bФотокопія з видання 1837 р.
300 _a133 с.
955 _a1
041 _aukr
080 _a82(477)
260 _aВінніпег
_c1987
650 7 _a82 Література. Літературознавство
_2UDC
999 _c438835
_d438835